Best Animated Feature Film Oscar Winners - Statistics

General Stats
  • This quiz has been taken 47 times
  • The average score is 14 of 22
Answer Stats
Year Director Film % Correct
2002 Mike Myers Shrek
90%
2011 Tim Allen Toy Story 3
87%
2020 Tom Hanks Toy Story 4
87%
2010 Ed Asner Up
85%
2023 Guillermo del Toro Pinocchio
82%
2004 Ellen DeGeneres Finding Nemo
79%
2014 Kristen Bell Frozen
79%
2005 Holly Hunter The Incredibles
74%
2009 Andrew Stanton WALL-E
74%
2003 Hayao Miyazaki Spirited Away
72%
2012 Johnny Depp Rango
69%
2021 Jamie Foxx Soul
69%
2018 Gael Garcia Bernal Coco
67%
2022 Lin Manuel Miranda Encanto
67%
2016 Amy Poehler Inside Out
67%
2019 Shameik Moore Spider-Man: Into The Spider-Verse
59%
2017 Jason Bateman Zootopia
56%
2007 Elijah Wood Happy Feet
49%
2013 Emma Thompson Brave
46%
2015 T.J. Miller Big Hero 6
38%
2006 Ralph Fiennes Wallace and Gromit: The Curse of the Were-Rabbit
38%
2008 Patton Oswalt Ratatoullie
10%
No matching quizzes found
Score Distribution
Percent of People with Each Score
Percentile by Number Answered
Your Score History
You have not taken this quiz